Miró: 1924-1940

Na minha lista:
Detalhes bibliográficos
Autor principal: Weelen, Guy (Author)
Formato: Livro
Idioma:espanhol
Publicado em: Barcelona Gustavo Gili S. A 1960
Colecção:Colección Minia, 26
Assuntos:
Tags: Adicionar Tag
Sem tags, seja o primeiro a adicionar uma tag!

MARC

LEADER 00000cam a2200000 a 4500
001 UCF8807
003 CL-VaPUC
008 131004e19600000sp |||||||||||||||||spa|d
082 0 4 |a 759.06  |b WEE  |2 21 
100 0 |a Weelen, Guy  |e author  |9 570919 
245 1 0 |a Miró: 1924-1940 
300 |a pág. irreg 
942 |c BK 
945 |d 20131004 22:02:00  |a dcastane 
260 |a Barcelona  |b Gustavo Gili S. A  |c 1960 
600 0 7 |a MIRO, JOAN  |2 CL-VaPUC  |9 265299 
650 0 |a Pintura española   |9 315217 
650 0 |a Pintores españoles  |9 315216 
583 |a last modification  |c 20131018 04:19:05  |k Rodrigo Vera 
490 0 |a Colección Minia, 26 
999 |c 353339  |d 353337 
952 |0 0  |1 0  |3 erb  |4 0  |6 759_060000000000000_WEE_1960  |7 0  |8 A  |9 458478  |a BIBART  |b BIBART  |d 2019-11-23  |i 5005698  |l 1  |o 759.06 WEE 1960  |p 5005698  |r 2025-03-13  |s 2023-06-22  |w 2019-11-23  |y BK  |z Catalogado en:20131004  |k ART